000 00879nam a22002417i 4500
005 20260105122147.0
008 250906s2025 jo ||||gr|||| 00| 0 ara d
020 _a9789957229030
040 _aJO-AmGAM
_erda
082 1 4 _a412.2
_bص ا ل
100 1 _aصالح، بيان محمد يوسف
_eمؤلف.
245 1 2 _aالعلة الصوتية وأصول التعليل الصوتي في العربية /
_cالدكتورة بيان محمد يوسف صالح.
250 _aالطبعة الأولى.
264 3 1 _aعمان :
_bدار أسامة للنشر والتوزيع،
_c2025.
300 _a213 صفحة.
336 _2rdacontent
_aنص
_btxt
337 _2rdamedia
_aدون وسيط عرض
_bn
338 _2rdacarrier
_aمجلد
_bnc
650 1 7 _aعلم الأصوات.
650 1 7 _aاللغة العربية.
942 _2ddc
_cBK
999 _c247570
_d247570